| 000 | 00562nam a2200217Ia 4500 | ||
|---|---|---|---|
| 001 | 13130 | ||
| 003 | GE_BSU | ||
| 008 | 181216s||||||||xx |||||||||||||| ||und|| | ||
| 040 | _cGE_BSU | ||
| 080 | _a631.4 | ||
| 100 | _aВильямс,В.Р. | ||
| 245 | _aИзбранные сочинения | ||
| 245 | _cРед.Б.Кобрин | ||
| 250 | _a2-ое | ||
| 260 | _aМосква | ||
| 260 | _bМосковский рабочий | ||
| 260 | _c1950 | ||
| 300 | _a464стр.фото.20см. | ||
| 653 | _aИзбранные сочинения | ||
| 942 | _cBK | ||
| 999 |
_c46294 _d46294 |
||